एस.एस.सी.रीजनिंग / (Record no. 211898)

MARC details
000 -LEADER
fixed length control field 01513nam a22002417a 4500
005 - DATE AND TIME OF LATEST TRANSACTION
control field 20260112162222.0
010 ## - LCCN (DPL NO)
LC control number B-772150-170 HIN-130785 25BACHN25
020 ## - INTERNATIONAL STANDARD BOOK NUMBER
International Standard Book Number 9789355017383
Terms of availability 625.00
035 ## - SYSTEM CONTROL NUMBER
System control number B-772150-170
035 ## - SYSTEM CONTROL NUMBER
System control number HN-103131
037 ## - SOURCE OF ACQUISITION
Source of stock number/acquisition यू.डी.एच.पब्लिशर्स एण्ड डिस्ट्रीब्यूटर्स
037 ## - SOURCE OF ACQUISITION
Source of stock number/acquisition DBAD
082 ## - DEWEY DECIMAL CLASSIFICATION NUMBER
Edition number 1
Classification number 000
100 ## - MAIN ENTRY--PERSONAL NAME
Personal name अग्रवाल, आर एस
245 ## - TITLE STATEMENT
Title एस.एस.सी.रीजनिंग /
Statement of responsibility, etc आर एस अग्रवाल
250 ## - EDITION STATEMENT
Edition statement 1
260 ## - PUBLICATION, DISTRIBUTION, ETC. (IMPRINT)
Place of publication, distribution, etc New Delhi
Name of publisher, distributor, etc S. Chand Publishing
Date of publication, distribution, etc 2024
270 ## - ADDRESS
Address D-92, Sector 2
City New Delhi
Postal code 201301
300 ## - PHYSICAL DESCRIPTION
Extent 530पृ.
Dimensions 26सेमी(अजिल्द)
500 ## - GENERAL NOTE
General note टॉपिक वाइज कम्पलीट कवरेज विस्तृत व्याख्या & शोर्ट ट्रिक्स के साथ
942 ## - ADDED ENTRY ELEMENTS (KOHA)
Source of classification or shelving scheme Dewey Decimal Classification
Classification part 000
Call number suffix अग्रवा
Edition 1
Item type Hindi Books
Holdings
Withdrawn status Lost status Not for loan Collection code Home library Current library Date acquired Source of acquisition Cost, normal purchase price Full call number Barcode Copy number Cost, replacement price Koha item type
      Non-fiction Bawana Bawana 12/01/2026 DBAD 625.00 000 अग्रवा HN-103131 1 625.00 Hindi Books

© Delhi Public Library
Hit Counter
free hit counter